00522nmm a2200157Ia 4500008004100000020001800041041000800059100004700067245006100114264007900175300001800254650001700272856005100289942000700340999001700347251105s9999||||xx |||||||||||||||||und|| a9789587165005 aspa aMaglia, Graciela y Schwegler, Armin (eds.) 0aPalenque, Colombia :b Oralidad, identidad y resistencia a[Bogotá, Colombia] :bEditorial Pontificia Universidad Javeriana, c2012 a321 páginas aAnthropology uhttps://public.digitaliapublishing.com/a/19536 cCF c95532d95532